| 000 | 00401nam a2200133Ia 4500 | ||
|---|---|---|---|
| 008 | 151021s9999 xx 000 0 und d | ||
| 020 | _a9966760202 | ||
| 245 | _a_Company Law Strathmore University | ||
| 260 | _aNairobi : Strathmore University , 2009 | ||
| 300 | _aviii,392 p. | ||
| 500 | _aIncludes index | ||
| 650 | _a_Nature and Classification of Companies | ||
| 980 | _a^d20111005 03:18:31^oanne | ||
| 999 |
_c8192 _d8192 |
||